Le plus peuplé en un contre un - Mort subite #1 - Statistiques

Statistiques générales
  • Ce quiz a été pris 206 fois
  • Le résultat moyen est 3 sur 20
Answers on the Grid
Answers color-coded by a green-red scale on the quiz's grid according to % correct below.
Canada
Colombie
Côte d'Ivoire
Sénégal
Lichtenstein
Monaco
Burkina Faso
Mali
Maroc
Algérie
Hongrie
République Tchèque
Chine
Inde
Malaisie
Australie
Guadeloupe
Martinique
Espagne
Italie
Corée du Nord
Corée du Sud
Népal
Bhoutan
Philippines
Indonésie
Turquie
Allemagne
Guyane
Réunion
Japon
Russie
Egypte
Éthiopie
Soudan
Soudan du Sud
Bolivie
Equateur
Tuvalu
Vanuatu
 
Statistiques - réponses
Réponse % Correct
52.696.000 Colombie
89%
29.442.000 Côte d'Ivoire
49%
41.000 Lichtenstein
39%
1.417.492.000 Inde
17%
47.400.000 Algérie
15%
51.165.000 Corée du Sud
12%
24.071.000 Burkina Faso
9%
34.193.000 Malaisie
9%
384.439.000 Indonésie
8%
58.920.000 Italie
6%
384.000 Guadeloupe
4%
29.912.000 Népal
4%
146.028.000 Russie
4%
85.665.000 Turquie
4%
10.877.000 République Tchèque
3%
51.662.000 Soudan
3%
111.653.000 Éthiopie
2%
881.000 Réunion
2%
321.000 Vanuatu
2%
16.939.000 Equateur
0%
Aucun quiz correspondant
Distribution des résultats
% des personnes avec chaque résultat
Percentile par nombre de réponses
Votre historique - résultats
Vous n’avez pas pris ce quiz